| 000 | 02424nam a2200517Ii 4500 | ||
|---|---|---|---|
| 001 | DIGOLEJNK0477 | ||
| 003 | NyNyDIG | ||
| 006 | m o d | ||
| 007 | cr ||||||||||| | ||
| 008 | 221113s2021 cl ob 000 0 spa d | ||
| 035 | _a(OCoLC)1352724642 | ||
| 040 |
_aDGITA _beng _erda _epn _cDGITA |
||
| 020 | _z9789564070636 | ||
| 041 | 0 |
_aspa _apor |
|
| 050 | 1 | 4 | _aK3236 ebook |
| 245 | 0 | 0 | _aTratado de perfiles iberoamericanos de derechos fundamentales coetáneos /cJorge Isaac Torres Manrique, Mário Luiz Ramidoff, Isabela Moreira Domingos, dirección científica ; prólogo, Prof. Pos Dr. Flávio Pansieri ; edición al cuidado de Carlos Antonio Agurto Gonzáles, Sonia Lidia Quequejana Mamani, Benigno Choque Cuenca. |
| 264 | 1 |
_aSantiago, Chile : _bEdiciones Olejnik, _c[2021] |
|
| 300 | _a1 online resource. | ||
| 336 |
_atext _btxt _2rdacontent |
||
| 337 |
_acomputer _bc _2rdamedia |
||
| 338 |
_aonline resource _bcr _2rdacarrier |
||
| 347 |
_atext file _2rdaft |
||
| 347 | _bPDF | ||
| 490 | 1 | _aBiblioteca recientes y próximos escenarios de los ordenamientos jurídicos | |
| 500 | _a"Praeeminentia iustitia, Escuela Interdisciplinar de Derechos Fundamentales"--Cover. | ||
| 504 | _aIncludes bibliographical references. | ||
| 546 | _aText in Spanish and Portuguese. | ||
| 588 | 0 | _aOnline resource; title from PDF title page (Digitalia, viewed November 13, 2022) | |
| 650 | 0 | _aHuman rights. | |
| 650 | 0 |
_aCovid-19 (Disease) _xLaw and legislation. |
|
| 655 | 0 | _aElectronic books. | |
| 700 | 1 |
_aTorres Manrique, Jorge Isaac, _eeditor. |
|
| 700 | 1 |
_aRamidoff, Mário Luiz, _d1963- _eeditor. |
|
| 700 | 1 |
_aDomingos, Isabela Moreira do Nascimento, _eeditor. |
|
| 700 | 1 |
_aAgurto Gonzáles, Carlos Antonio, _eeditor. |
|
| 700 | 1 |
_aQuequejana Mamani, Sonia Lidia, _eeditor. |
|
| 700 | 1 |
_aChoque Cuenca, Benigno, _eeditor. |
|
| 700 | 1 |
_aPansieri, Flávio, _econtributor agent of text. |
|
| 791 | 2 |
_aDigitalia (Firm), _edistributor. |
|
| 793 | 0 |
_gDigitalia eBook Collection: _aEdiciones Olejnik |
|
| 776 | 0 | 8 |
_iPrint version: _tTratado de perfiles iberoamericanos de derechos fundamentales coetáneos. _dSantiago, Chile : Ediciones Olejnik, 2021 _z9789564070636 |
| 830 | 0 | _aBiblioteca recientes y próximos escenarios de los ordenamientos jurídicos. | |
| 856 | 4 | 0 |
_3Digitalia Hispánica _uhttps://www.digitaliapublishing.com/a/104170/ |
| 910 | _aPremium collection: 2022 | ||
| 942 | _cRAA | ||
| 999 |
_c270131 _d270131 |
||